| 000 | 01641nam a22003970a 4500 | ||
|---|---|---|---|
| 001 | PT17607 | ||
| 003 | AR-LpoUNG | ||
| 005 | 20210131232750.0 | ||
| 008 | 191001s2003||||ag |||||||||||||||||spa d | ||
| 020 |
_a9875580171 _c$7.93 |
||
| 040 |
_aAR-LpoUNG _bspa _cAR-LpoUNG _eaacr |
||
| 041 | _aspa | ||
| 044 | _aag | ||
| 082 | 0 | _a982.062 515mit | |
| 100 | 1 | _aGirbal-Blacha, Noemí M. | |
| 245 | 1 | 0 |
_aMitos, paradojas y realidades en la Argentina peronista : _b(1946-1955) : una interpretación histórica de sus decisiones político-económicas |
| 250 | _a1ra ed. | ||
| 260 |
_aBuenos Aires : _bUniversidad Nacional de Quilmes, _c2003. |
||
| 300 |
_a275 p. : _btbls. |
||
| 520 | _a<p>Esta obra reflexiona sobre las características, los cambios y las continuidades de la Argentina peronista, que se expresan a través del discurso oficial y los hechos ocurridos entre 1946 y 1955. El propósito es reconocer acontecimientos y valores simbólicos atesorados por la memoria colectiva, establecer de qué modo los grupos sociales interpretan el pasado en función de las necesidades del presente y rescatar realidades que la sociedad argentina ha sumido en el olvido.</p> | ||
| 650 | 4 | _aANALISIS HISTORICO | |
| 650 | 4 | _aCREDITO INDUSTRIAL | |
| 650 | 4 | _aDESREGLAMENTACION | |
| 650 | 4 | _aECONOMIA | |
| 650 | 4 | _aESTADO | |
| 650 | 4 | _aFINANCIAMIENTO INDUSTRIAL | |
| 650 | 4 | _aMERCADO | |
| 650 | 4 | _aPOLITICA ECONOMICA | |
| 650 | 4 | _aPRODUCCION INDUSTRIAL | |
| 650 | 4 | _aREFORMA ECONOMICA | |
| 650 | 4 | _aSISTEMAS ECONOMICOS | |
| 650 | 4 | _aSOCIEDAD | |
| 700 | 1 |
_aSilberberg, María Inés _eed. |
|
| 905 | _a17607 | ||
| 942 | _cLIB | ||
| 999 |
_c17358 _d17358 |
||